000 01818nam0a2200409 4500
001 RU\NLR\bibl\1198167
005 20260406070614.0
010 _a978-5-85824-180-5
_93000
021 _aRU
_b2008-2142
_9116
035 _a(NLR Aleph) 001184685
090 _a1679395
_c1679395
100 _a20080307d2008 |||y0rusy50 ca
101 0 _arus
102 _aRU
105 _ay |||||||||
200 1 _aЧерная книга имен, которым не место на карте России
_f[сост. С.В. Волков]
205 _a[3-е изд.]
210 _aМосква
_cПосев
_d2008
215 _a287, [1] с.
_d20
225 1 _aНа пути к будущей России
320 _aУказ. имен: с. 285-288
325 _aКопия доступна в Электрон. б-ке РНБ http://vivaldi.nlr.ru/bx000034254/view
606 1 _aКоммунисты
_92399193
_3RU\NLR\auth\661430248
606 1 _aКоммунисты
_yСССР
_91332052
_3RU\NLR\auth\66554229
606 1 _aГорода
_xПереименование
_yРоссийская Федерация
_92399191
_3RU\NLR\auth\661430247
686 _aТ3(2)74-22
686 _aФ61(0)8
702 1 _4220
_8rus
_7ca
_aВолков
_bС. В.
_f1955-
_cд-р ист. наук
_gСергей Владимирович
_3RU\NLR\auth\7727265
_910302
801 0 _aRU
_bNLR
_c20080307
_gRCR
801 1 _aRU
_bNLR
_c20080307
942 _cBOOK
980 _aNB
981 1 3 _a(13) Документы, защищенные авторским правом
_b(13) Современная научная, научно-популярная и популярная литература